Statistics for countries who have a similiar named capital

Click here to take the quiz!

General Stats

  • This quiz has been taken 24 times
    (9 since last reset)
  • The average score is 13 of 19

Answers on the Map

Answers color-coded by a green-red scale on the quiz's map according to % correct below.
 

Answer Stats

Answer% Correct
vatican
100%
guinea-bissau
89%
luxembourg
89%
mexico
89%
monaco
89%
san marino
89%
andorra
78%
brazil
78%
guatemala
78%
kuwait
78%
panama
78%
tunisia
67%
djibouti
56%
singapore
56%
algeria
44%
el salvador
44%
sao tome and principe
44%
sri lanka
44%
maldives
22%

Score Distribution

Percentile by Number Answered

Percent of People with Each Score

Your Score History

You have not taken this quiz since the last reset